| 000 | 00611nam a22002057a 4500 | ||
|---|---|---|---|
| 999 |
_c9041 _d9041 |
||
| 003 | AR-CdUCM | ||
| 008 | 190327b ||||| |||| 00| 0 spa d | ||
| 020 | _a968-16--6081-1 | ||
| 040 |
_aMUNICIPALIDAD PROVINCIAL DEL CUSCO _cBIBLIOTECA MUNICIPAL DEL CUSCO |
||
| 082 |
_aSI-0029 / _bCAN / pri |
||
| 100 |
_aCantin, Marc _925003 |
||
| 245 | _aPrincesa Ana / | ||
| 260 |
_aMéxico : _bFondo de Cultura Económica, _c2000. |
||
| 300 |
_bIlustraciones. _c25.5 cm. |
||
| 500 | _aPáginas sin numeración | ||
| 650 |
_aCuentos infantiles _93927 |
||
| 650 |
_aSiglo XXI _92856 |
||
| 942 |
_2ddc _cLIBROS |
||
| 945 | _aafb | ||